<?xml version="1.0" encoding="UTF-8"?>
<record
    xmlns:xsi="http://www.w3.org/2001/XMLSchema-instance"
    xsi:schemaLocation="http://www.loc.gov/MARC21/slim http://www.loc.gov/standards/marcxml/schema/MARC21slim.xsd"
    xmlns="http://www.loc.gov/MARC21/slim">

  <leader>00609cam8a220018100 4500</leader>
  <controlfield tag="001">zam00006472</controlfield>
  <controlfield tag="008">970717n        xx                  eng u</controlfield>
  <datafield tag="035" ind1=" " ind2=" ">
    <subfield code="a">(Sirsi) r136472</subfield>
  </datafield>
  <datafield tag="040" ind1=" " ind2=" ">
    <subfield code="d">UPRA</subfield>
  </datafield>
  <datafield tag="100" ind1=" " ind2=" ">
    <subfield code="a">Gibney, Mark.</subfield>
    <subfield code="6">A108881.1</subfield>
  </datafield>
  <datafield tag="245" ind1="1" ind2="2">
    <subfield code="a">A critique of norway's refugee/asylum policy and proposals for change.</subfield>
  </datafield>
  <datafield tag="260" ind1=" " ind2=" ">
    <subfield code="a">Oslo :</subfield>
    <subfield code="b">Nowegian Institute of Human Rights,</subfield>
    <subfield code="c">1990.</subfield>
  </datafield>
  <datafield tag="520" ind1=" " ind2=" ">
    <subfield code="a">This paper examines Norway's refugee asylum policy.</subfield>
  </datafield>
  <datafield tag="650" ind1=" " ind2="4">
    <subfield code="a">Refugees.</subfield>
    <subfield code="6">S51270.1</subfield>
  </datafield>
  <datafield tag="650" ind1=" " ind2="4">
    <subfield code="a">UNHCR -- Migration.</subfield>
    <subfield code="x">UNHCR -- Migration.</subfield>
    <subfield code="6">S82156.1</subfield>
  </datafield>
  <datafield tag="949" ind1="1" ind2="0">
    <subfield code="m">INESOR</subfield>
    <subfield code="t">BOOK</subfield>
    <subfield code="l">ON-SHELF</subfield>
  </datafield>
  <controlfield tag="004">136472</controlfield>
  <datafield tag="999" ind1=" " ind2=" ">
    <subfield code="c">24836</subfield>
    <subfield code="d">24836</subfield>
  </datafield>
</record>
